Inhabited Islands of Spain - Statistics

General Stats
  • This quiz has been taken 57 times
    47 since last reset
  • The average score is 11 of 18
Answer Stats
Population Island % Correct
143,856 Ibiza
97%
859,289 Mallorca
97%
91,601 Menorca
92%
847,830 Gran Canaria
90%
888,184 Tenerife
90%
143,738 Lanzarote
85%
107,367 Fuerteventura
79%
20,783 La Gomera
77%
82,346 La Palma
77%
10,587 El Hierro
74%
12,280 Formentera
74%
720 La Graciosa
41%
213,691 León
26%
57 Tabarca
21%
4,968 Arousa
18%
81 Ons
13%
47 A Toxa
10%
4 Buda
8%
No matching quizzes found
Score Distribution
Percent of People with Each Score
Percentile by Number Answered
Your Score History
You have not taken this quiz since the last reset